|
|
|
|
| LEADER |
01152nam a2200289 a 4500 |
| 001 |
1163844 |
| 008 |
110425r20001997nyua b 001 0 eng |
| 010 |
|
|
|a 96036525
|
| 020 |
|
|
|a 0074635018
|
| 020 |
|
|
|a 0070053154
|
| 040 |
|
|
|a DLC
|c DLC
|d DLC
|d BD-DhAAL
|
| 050 |
0 |
0 |
|a QA76.7
|b .A67 1997
|
| 082 |
0 |
0 |
|a 005.13
|2 20
|
| 100 |
1 |
|
|a Appleby, Doris.
|
| 245 |
1 |
0 |
|a Programming languages :
|b paradigm and practice /
|c Doris Appleby, Julius J. VandeKopple.
|
| 250 |
|
|
|a 2nd ed.
|
| 260 |
|
|
|a New York ;
|a New Delhi :
|b Tata McGraw-Hill,
|c c1997 [reprinted 2000].
|
| 300 |
|
|
|a xx, 444 p. :
|b ill. ;
|c 24 cm.
|
| 490 |
0 |
|
|a McGraw-Hill computer science series
|
| 500 |
|
|
|a Tata McGraw-Hill Edition
|
| 504 |
|
|
|a Includes bibliographical references (p. 415-427) and index.
|
| 541 |
1 |
|
|e 00012216
|
| 650 |
|
0 |
|a Programming languages (Electronic computers)
|
| 700 |
1 |
|
|a VandeKopple, Julius J.
|
| 852 |
1 |
|
|a Ayesha Abed Library
|c General Shelf.
|
| 999 |
|
|
|c 10767
|d 10767
|
| 952 |
|
|
|0 0
|1 0
|2 ddc
|4 0
|6 005_130000000000000_APP
|7 0
|9 16198
|a BRACUL
|b BRACUL
|c GEN
|d 2011-04-25
|l 2
|m 6
|o 005.13 APP
|p 3010012216
|r 2024-04-02
|s 2024-02-28
|t 1
|w 2011-04-25
|y BK
|x Price not available in Register
|